<?xml version='1.0' encoding='UTF-8'?>
  <record xmlns="http://www.loc.gov/MARC21/slim">
    <leader>00000cam a22000007i 4500</leader>
    <controlfield tag="001">ocm65304160</controlfield>
    <controlfield tag="003">OCoLC</controlfield>
    <controlfield tag="005">20250728151011.6</controlfield>
    <controlfield tag="008">900625s1681    ne            000 0 dut d</controlfield>
    <datafield tag="040" ind1=" " ind2=" ">
      <subfield code="a">NLGGC</subfield>
      <subfield code="b">dut</subfield>
      <subfield code="e">fobidrtb</subfield>
      <subfield code="c">NLGGC</subfield>
      <subfield code="d">OCLCO</subfield>
      <subfield code="d">OCLCL</subfield>
      <subfield code="d">OCLCQ</subfield>
    </datafield>
    <datafield tag="029" ind1="0" ind2=" ">
      <subfield code="a">NLGGC</subfield>
      <subfield code="b">063315343</subfield>
    </datafield>
    <datafield tag="035" ind1=" " ind2=" ">
      <subfield code="a">(OCoLC)65304160</subfield>
    </datafield>
    <datafield tag="100" ind1="1" ind2=" ">
      <subfield code="a">Pers, Dirck Pietersz,</subfield>
      <subfield code="d">1581-1659.</subfield>
      <subfield code="1">https://id.oclc.org/worldcat/entity/E39PBJyGYfjvfVJhP6rKyyqJDq</subfield>
    </datafield>
    <datafield tag="245" ind1="1" ind2="3">
      <subfield code="a">De laetste vernieuwde urania, of hemel-sangh :</subfield>
      <subfield code="b">zijnde het II. deel van Bellerophon, of lust tot wysheyd. : Waer in veele historische en christelijke gesangen, stichtelijke liedekens en gedigten, uyt de Schriften des Ouden en Nieuwen Verbonds, tot opweckinge des godsaligen levens, leerlijck werden voorgestelt. /</subfield>
      <subfield code="c">Door D. P. Pers ; allen menschen ter aendacht, soo wel tot lesen als singen vertoont ; en op nieuws deurgaens met nieuwe gevonden voysen vermeerdert, neffens andere treffelijcke gesangen op musijck-noten gestelt ; de musijck door Cornelis de Leeuw gecorrigeert.</subfield>
    </datafield>
    <datafield tag="260" ind1=" " ind2=" ">
      <subfield code="a">t'Amsterdam, :</subfield>
      <subfield code="b">gedruckt voor de Wed. van Michiel de Groot,</subfield>
      <subfield code="c">1681</subfield>
      <subfield code="e">(t'Amsterdam. :</subfield>
      <subfield code="f">Gedruckt by Daniël Bakkamude, ...)</subfield>
    </datafield>
    <datafield tag="300" ind1=" " ind2=" ">
      <subfield code="a">220, [4] p. :</subfield>
      <subfield code="b">ill. ;</subfield>
      <subfield code="c">in-8.</subfield>
    </datafield>
    <datafield tag="336" ind1=" " ind2=" ">
      <subfield code="a">tekst</subfield>
      <subfield code="b">txt</subfield>
      <subfield code="2">rdacontent/dut</subfield>
    </datafield>
    <datafield tag="337" ind1=" " ind2=" ">
      <subfield code="a">zonder medium</subfield>
      <subfield code="b">n</subfield>
      <subfield code="2">rdamedia/dut</subfield>
    </datafield>
    <datafield tag="338" ind1=" " ind2=" ">
      <subfield code="a">band</subfield>
      <subfield code="b">nc</subfield>
      <subfield code="2">rdacarrier/dut</subfield>
    </datafield>
    <datafield tag="500" ind1=" " ind2=" ">
      <subfield code="a">Landwehr (Emblem and fable) 631.</subfield>
    </datafield>
    <datafield tag="700" ind1="1" ind2=" ">
      <subfield code="a">Leeuw, Cornelis de,</subfield>
      <subfield code="d">1613-1664/1665.</subfield>
      <subfield code="1">https://id.oclc.org/worldcat/entity/E39PBJktttmfXRj74txjWDycfq</subfield>
    </datafield>
    <datafield tag="710" ind1="0" ind2=" ">
      <subfield code="a">Groot, Michiel de (wed., Amsterdam)</subfield>
      <subfield code="4">prt</subfield>
      <subfield code="0">(NL-LeOCL)07713348X</subfield>
    </datafield>
    <datafield tag="710" ind1="0" ind2=" ">
      <subfield code="a">Bakkamude, Daniel (Amsterdam)</subfield>
      <subfield code="4">prt</subfield>
      <subfield code="0">(NL-LeOCL)077131916</subfield>
    </datafield>
    <datafield tag="758" ind1=" " ind2=" ">
      <subfield code="a">De laetste vernieuwde Urania, of, Hemel-sangh (Text)</subfield>
      <subfield code="1">https://id.oclc.org/worldcat/entity/E39PCGQprtMHRXbfY3jrgvdVJC</subfield>
      <subfield code="4">https://id.oclc.org/worldcat/ontology/hasWork</subfield>
    </datafield>
    <datafield tag="776" ind1="0" ind2=" ">
      <subfield code="t">De laetste vernieuwde urania, of hemel-sangh</subfield>
      <subfield code="w">(NL-LeOCL)425993116</subfield>
    </datafield>
    <datafield tag="776" ind1="0" ind2=" ">
      <subfield code="t">De laetste vernieuwde urania, of hemel-sangh</subfield>
      <subfield code="w">(NL-LeOCL)425993124</subfield>
    </datafield>
    <datafield tag="936" ind1=" " ind2=" ">
      <subfield code="a">BATCHLOAD</subfield>
    </datafield>
  </record>